000 00284nam a2200109 4500
008 160629b xxu||||| |||| 00| 0 eng d
100 _91372
_a Ciovacco, J., et al
245 _aFish and Amphibians
260 _aMumbai
_bPopular
_c2004
300 _aFish and Amphibians
942 _2ddc
_cBK
999 _c1130
_d1130